• 首页
  • 本馆介绍
  • 公告通知
  • 最新文献
  • 馆藏检索
  • 电子资源
  • 读者导购
  • 参考咨询
  • 我的图书馆
  • 登录
  • 详细信息显示
  • 放入我的书架
  • 预约/预借图书
  • 作者相关作品
  • 分类相关作品
  • 丛书相关作品
  • 出版社相关作品

书目信息

  • 表格格式
  • 工作单格式
  • 卡片格式
题名:
矿山爆破理论与实践
    
 
作者: 张志呈 著
分册:  
出版信息: 重庆   重庆出版社  2015
页数: 322页
开本: 24cm
丛书名:
单 册:
中图分类: TD235 , TD
科图分类:
主题词: 矿山爆破--研究 , 矿业工程 , 矿业
电子资源:
ISBN: 978-7-229-09925-1
000 00871nam0 2200265 450
001 2335233996
005 20231129094736.72
010    @a978-7-229-09925-1@dCNY48.00
100    @a20160109d2015 em y0chiy50 ea
101 0  @achi
102    @aCN@b500000
105    @aa z 000yy
200 1  @a矿山爆破理论与实践@Akuang shan bao po li lun yu shi jian@f张志呈著
210    @a重庆@c重庆出版社@d2015
215    @a322页@c图@d24cm
300    @a重庆出版集团科学学术著作出版基金资助
330    @a本书是对矿山爆破科学研究和实践的总结,涉及岩体分类、矿用炸药、爆破技术、工程控制爆破、爆破地震的传播规律、多矿体矿山露天开采与小型钻机及地应力研究等领域的问题。
606 0  @a矿山爆破@x研究
606 0  @a矿业工程
606 0  @a矿业
690    @aTD235@v5
690    @aTD@v4
701  0 @a张志呈@Azhang zhi cheng@4著
801  0 @aCN@b山东中教@c20231126
905    @aBZT@dTD@e1
    
    矿山爆破理论与实践/张志呈著.-重庆:重庆出版社,2015
    322页:图;24cm
    重庆出版集团科学学术著作出版基金资助
    
    ISBN 978-7-229-09925-1:CNY48.00
    本书是对矿山爆破科学研究和实践的总结,涉及岩体分类、矿用炸药、爆破技术、工程控制爆破、爆破地震的传播规律、多矿体矿山露天开采与小型钻机及地应力研究等领域的问题。
●
相关链接 在五车中查询图书 在当当中查询图书 在豆瓣中查询图书


正题名:矿山爆破理论与实践     索取号:TD/1         预约/预借

序号 登录号 条形码 馆藏地/架位号 状态 备注
1 2001184882   2001184882   东辅楼二楼书库/ [索取号:TD/1] 在馆    
2 2001184883   2001184883   东辅楼二楼书库/ [索取号:TD/1] 在馆    
3 2001184884   2001184884   东辅楼二楼书库/ [索取号:TD/1] 在馆    
4 2001184885   2001184885   东辅楼二楼书库/ [索取号:TD/1] 在馆    
5 2001184886   2001184886   东辅楼二楼书库/ [索取号:TD/1] 在馆    
6 2001184887   2001184887   东辅楼二楼书库/ [索取号:TD/1] 在馆    
7 2001184888   2001184888   东辅楼二楼书库/ [索取号:TD/1] 在馆    
8 2001184889   2001184889   东辅楼二楼书库/ [索取号:TD/1] 在馆    
9 2001184890   2001184890   东辅楼二楼书库/ [索取号:TD/1] 在馆    
10 2001184891   2001184891   东辅楼二楼书库/ [索取号:TD/1] 在馆    
11 2001184892   2001184892   东辅楼二楼书库/ [索取号:TD/1] 在馆    
12 2001184893   2001184893   东辅楼二楼书库/ [索取号:TD/1] 在馆    
13 2001184894   2001184894   东辅楼二楼书库/ [索取号:TD/1] 在馆    
14 2001184895   2001184895   东辅楼二楼书库/ [索取号:TD/1] 在馆    
15 2001184896   2001184896   东辅楼二楼书库/ [索取号:TD/1] 在馆    
16 2001184897   2001184897   东辅楼二楼书库/ [索取号:TD/1] 在馆    
17 2001184898   2001184898   东辅楼二楼书库/ [索取号:TD/1] 在馆    
18 2001184899   2001184899   东辅楼二楼书库/ [索取号:TD/1] 在馆    
19 2001184900   2001184900   东辅楼二楼书库/ [索取号:TD/1] 在馆    
20 2001184901   2001184901   东辅楼二楼书库/ [索取号:TD/1] 在馆    
21 2001184902   2001184902   东辅楼二楼书库/ [索取号:TD/1] 在馆    
22 2001184903   2001184903   东辅楼二楼书库/ [索取号:TD/1] 在馆    
23 2001184904   2001184904   东辅楼二楼书库/ [索取号:TD/1] 在馆    
24 2001184905   2001184905   东辅楼二楼书库/ [索取号:TD/1] 在馆    
25 2001184906   2001184906   东辅楼二楼书库/ [索取号:TD/1] 在馆    
26 2001184907   2001184907   东辅楼二楼书库/ [索取号:TD/1] 在馆    
27 2001184908   2001184908   东辅楼二楼书库/ [索取号:TD/1] 在馆    
28 2001184909   2001184909   东辅楼二楼书库/ [索取号:TD/1] 在馆    
29 2001184910   2001184910   东辅楼二楼书库/ [索取号:TD/1] 在馆    
30 2001184911   2001184911   东辅楼二楼书库/ [索取号:TD/1] 在馆    
山东省滨州职业学院图书馆 欢迎您!
大连网信软件有限公司© 版权所有